| 000 | 00580nam a22002171c 4500 | ||
|---|---|---|---|
| 001 | a987680011 | ||
| 008 | 170426s2017 gw |||| 000u rus d | ||
| 020 |
_a9785496029667 _9978-5-496-02966-7 |
||
| 041 | _arus | ||
| 100 | 1 | _aĹ ubin, Aleksandr V. | |
| 245 | 0 | 0 |
_aStart strany sovetov. Revoljucija : _bOktjabr' 1917- mart 1918 |
| 264 |
_aSankt-Peterburg : _bPiter, _c2017 |
||
| 300 | _a448 Seiten | ||
| 650 | 0 | _aOktoberrevolution | |
| 651 | 0 | _aRussland | |
| 651 | 0 | _aSowjetunion | |
| 942 | _cMG | ||
| 040 | _cRU-10907106 | ||
| 003 | RU-10907106 | ||
| 999 |
_c7894 _d7894 |
||
| 490 | 0 | _aSovetskaja epocha | |